The Discourses of Epictetus : (Record no. 591379)

MARC details
000 -LEADER
fixed length control field 00477nam a2200193 a 4500
008 - FIXED-LENGTH DATA ELEMENTS--GENERAL INFORMATION
fixed length control field 251008s1890##################000#0#eng##
020 ## - INTERNATIONAL STANDARD BOOK NUMBER
ISBN 9789350091401
082 04 - DEWEY DECIMAL CLASSIFICATION NUMBER
Classification number 188
Item number GIL
100 1# - MAIN ENTRY--AUTHOR NAME
Personal name Epictetus,
245 10 - TITLE STATEMENT
Title The Discourses of Epictetus :
260 ## - PUBLICATION, DISTRIBUTION, ETC. (IMPRINT)
Year of publication 1890.
300 ## - PHYSICAL DESCRIPTION
Number of Pages 452 pages
650 #0 - SUBJECT ADDED ENTRY--TOPICAL TERM
Topical Term Conduct of life.
942 ## - ADDED ENTRY ELEMENTS (KOHA)
Koha item type English Books
Holdings
Withdrawn status Lost status Damaged status Not for loan Home library Current library Shelving location Date acquired Full call number Accession Number Price effective from Koha item type
        Anna Centenary Library Anna Centenary Library 3RD FLOOR, A WING 10.10.2025 188 GIL 363601 10.10.2025 English Books

Find us on the map